000 00766pam a2200253 a 4500
008
020 _a052148586X (pbk.)
049 _aMAIN
090 _aQP601.3
100 1 _aGutfreund, H.
245 1 0 _aKinetics for the life sciences :
_breceptors, transmitters, and catalysts /
_cH. Gutfreund.
260 _aNew York :
_bCambridge University Press,
_cc1995.
300 _axi, 346 p. :
_bill. ;
_c23 cm.
504 _aIncludes bibliographical references.
500 _aIncludes index.
650 0 _aEnzyme kinetics.
650 0 _aChemical kinetics.
650 0 _aBiophysics.
907 _a.b10166348
_b06-12-05
_c27-06-05
003
005 20230123134023.0
040 _cNUST
942 _cBOOKS
_kQP601.3
999 _c158649
_d158649